UBT Library

Nonprescription drug therapy : (Record no. 39957)

000 -LEADER
fixed length control field 00694cam a22002174a 4500
001 - CONTROL NUMBER
control field 14190930
005 - DATE AND TIME OF LATEST TRANSACTION
control field 20180109083223.0
008 - FIXED-LENGTH DATA ELEMENTS--GENERAL INFORMATION
fixed length control field 051206s2005 moua 001 0 eng
010 ## - LIBRARY OF CONGRESS CONTROL NUMBER
LC control number 2005284190
020 ## - INTERNATIONAL STANDARD BOOK NUMBER
International Standard Book Number 1574392239 (pbk.)
040 ## - CATALOGING SOURCE
Original cataloging agency DLC
Transcribing agency DLC
Modifying agency DLC
041 ## - LANGUAGE CODE
Language code of text/sound track or separate title eng
080 ## - UNIVERSAL DECIMAL CLASSIFICATION NUMBER
Universal Decimal Classification number 61 TIM
082 ## - DEWEY DECIMAL CLASSIFICATION NUMBER
Edition number 61 TIM
100 ## - Rafti
Rafti 3
101 ## - Shkurtesa
Shkurtesa MJE
245 00 - TITLE STATEMENT
Title Nonprescription drug therapy :
Statement of responsibility, etc [editor, Tim R. Covington].
906 ## - LOCAL DATA ELEMENT F, LDF (RLIN)
a 7
b cbc
c origcop
d 2
e ncip
f 20
g y-gencatlg
942 ## - ADDED ENTRY ELEMENTS (KOHA)
Source of classification or shelving scheme
Item type Books
Holdings
Withdrawn status Lost status Source of classification or shelving scheme Damaged status Not for loan Collection code Permanent location Current location Shelving location Date acquired Total Checkouts Full call number Barcode Date last seen Price effective from Koha item type
          Koleksioni i përgjithshem UBT - Lipjan UBT - Lipjan Koleksioni i përgjithshem 01/09/2018   61 TIM 002-2995122 01/09/2018 01/09/2018 Books
UBT Library © 2015-2024. All rights reserved University Education for Business and Technology